[Event "2020 WA Closed Championship"]
[Site "Leeming, Perth WA"]
[Date "2020.07.19"]
[Round "1"]
[White "Gong, Patrick"]
[Black "Andador, Dominador"]
[Result "1-0"]
[WhiteElo "2399"]
[BlackElo "2086"]
[EventDate "2020.07.19"]

1.d4 Nf6 2.c4 d6 3.Nc3 Bf5 4.f3 Nbd7 5.e4 Bg6 6.Nh3 e5 7.d5 h6 8.Nf2 Be7 
9.Be3 a6 10.g3 Rb8 11.a4 Bh5 12.a5 c5 13.h4 Nf8 14.Be2 N6d7 15.Nd3 Bg6 16.
h5 Bh7 17.Qa4 f5 18.Rf1 Qc7 19.exf5 Bxf5 20.f4 e4 21.Ne5 Bf6 22.g4 Bh7 23.
Nxd7 Nxd7 24.g5 Bd4 25.Nd1 Bf5 26.Ra3 Ke7 27.Qc2 Rbe8 28.Qd2 Bxe3 29.Nxe3 
Rhf8 30.Qc3 Kd8 31.Qxg7 Re7 32.Qc3 Ref7 33.g6 Rf6 34.Rg1 Rg8 35.Kd1 Ke7 
36.Kc1 b6 37.axb6 Qxb6 38.Qa5 Qxa5 39.Rxa5 Nb8 40.Kd2 Bc8 41.Ng2 Re8 42.
Ke3 Kf8 43.Ne1 Kg7 44.Nc2 Bh3 45.b4 cxb4 46.Nxb4 Ref8 47.Nxa6 Nd7 48.Rg3 
Bf5 49.Nc7 Nc5 50.Nb5 Bd7 51.Nxd6 Na4 52.Nf7 Nc3 53.Ra7 Nxe2 54.Rxd7 R8xf7
55.Rxf7+ Rxf7 56.Kxe2 Rxf4 57.d6 Rf6 58.c5 1-0

[Event "2020 WA Closed Championship"]
[Site "Leeming, Perth WA"]
[Date "2020.07.19"]
[Round "1"]
[White "Ellis, David"]
[Black "Hare, Tim"]
[Result "0-1"]
[WhiteElo "2035"]
[BlackElo "2160"]
[EventDate "2020.07.19"]

1.b4 d6 2.Bb2 e5 3.c4 f5 4.g3 Nf6 5.Bg2 Be7 6.e3 O-O 7.Ne2 c6 8.O-O Be6 9.
d3 Nbd7 10.Nbc3 Qe8 11.b5 d5 12.cxd5 cxd5 13.Qb3 Nc5 14.Qd1 Ncd7 15.Qb3 
Qf7 16.d4 e4 17.Nf4 Nb6 18.Ba3 Bxa3 19.Qxa3 Nc4 20.Qb4 g5 21.Nxe6 Qxe6 22.
Rfc1 Rac8 23.Bf1 Nd2 24.Be2 Nf3+ 25.Bxf3 exf3 26.Na4 f4 27.Qe1 fxg3 28.
hxg3 Ng4 29.Rxc8 Rxc8 30.Qd1 Rf8 31.Kf1 Qh6 32.Ke1 Qh2 33.Kd2 Qxf2+ 34.Kc3
Nxe3 35.Qd3 Rc8+ 36.Kb3 Qc2+ 37.Qxc2 Nxc2 38.Rf1 Nxd4+ 39.Kb4 Rc4+ 40.Ka3 
g4 0-1

[Event "2020 WA Closed Championship"]
[Site "Leeming, Perth WA"]
[Date "2020.07.28"]
[Round "1"]
[White "Hardegen, Kathryn"]
[Black "Ferozkohi, Ihsan"]
[Result "0-1"]
[WhiteElo "2121"]
[BlackElo "2370"]
[EventDate "2020.07.19"]

1.e4 e6 2.d4 d5 3.Nd2 c5 4.Ngf3 cxd4 5.Nxd4 Nf6 6.e5 Nfd7 7.N2f3 Nc6 8.Bf4
Qb6 9.Rb1 Bc5 10.c3 f6 11.exf6 Nxf6 12.Bd3 Bd7 13.O-O O-O 14.Bg3 Kh8 15.
Bc2 Rae8 16.b4 Nxd4 17.cxd4 Bd6 18.Be5 Rc8 19.Ng5 Qc7 20.Bxd6 Qxd6 21.Qd3 
g6 22.Rbc1 e5 23.Qg3 Qxb4 24.dxe5 Nh5 25.Qb3 Qg4 26.Qe3 Nf4 27.g3 Qxg5 28.
Kh1 Ne6 29.f4 Qh6 30.Qxa7 Bc6 31.Bb3 d4+ 32.Kg1 Qh3 33.Rc2 Nxf4 34.Qxd4 
Ne2+ 0-1

[Event "2020 WA Closed Championship"]
[Site "Leeming, Perth WA"]
[Date "2020.08.02"]
[Round "1"]
[White "O'Mahoney, Keegan"]
[Black "Kinsman, Craig"]
[Result "1/2-1/2"]
[WhiteElo "1946"]
[BlackElo "2017"]
[EventDate "2020.07.19"]

1.d4 Nf6 2.Nc3 d5 3.Bf4 e6 4.e3 Bb4 5.Bd3 c5 6.dxc5 Nbd7 7.Ne2 Nxc5 8.a3 
Bxc3+ 9.Nxc3 a6 10.O-O O-O 11.Qf3 Nxd3 12.cxd3 d4 13.Ne2 dxe3 14.Bg5 exf2+
15.Rxf2 Qd5 16.Bxf6 Qxf3 17.Rxf3 gxf6 18.Rxf6 Bd7 19.Raf1 Bb5 20.R1f3 Rad8
21.Rg3+ Kh8 22.Rff3 e5 23.Nc3 Bc6 24.Rf6 Rd7 25.Ne4 Bxe4 26.dxe4 Rd1+ 27.
Rf1 Rxf1+ 1/2-1/2

[Event "2020 WA Closed Championship"]
[Site "Leeming, Perth WA"]
[Date "2020.07.30"]
[Round "2"]
[White "Hare, Tim"]
[Black "Gong, Patrick"]
[Result "0-1"]
[WhiteElo "2160"]
[BlackElo "2399"]
[EventDate "2020.07.19"]

1.Nf3 g6 2.g3 b6 3.Bg2 Bb7 4.O-O Bg7 5.d3 c5 6.c4 d6 7.Nc3 Nd7 8.Rb1 Ngf6 
9.a3 O-O 10.Bg5 Rb8 11.Qd2 Re8 12.b4 a6 13.Rb3 cxb4 14.axb4 d5 15.Rd1 Qc7 
16.Nxd5 Nxd5 17.cxd5 Bxd5 18.Ra3 Bb7 19.Rc1 Qd6 20.Ra2 Rbc8 21.Rac2 Rxc2 
22.Rxc2 Nf8 23.h4 Ne6 24.Be3 Ra8 25.Ng5 Bxg2 26.Kxg2 a5 27.Nxe6 Qxe6 28.
bxa5 bxa5 29.Ra2 a4 30.d4 Qd5+ 31.f3 e6 32.Bf2 a3 33.Qc2 Bf8 34.e4 Qb7 35.
Qd3 Ra5 36.Be1 Qb5 37.Qxb5 Rxb5 38.Bc3 Rb3 39.Ba1 Bb4 40.g4 Kf8 41.g5 Ke7 
42.Kg3 Kd7 43.Kf4 Rd3 44.d5 Rd2 0-1

[Event "2020 WA Closed Championship"]
[Site "Leeming, Perth WA"]
[Date "2020.07.26"]
[Round "2"]
[White "Hardegen, Kathryn"]
[Black "O'Mahoney, Keegan"]
[Result "1-0"]
[WhiteElo "2121"]
[BlackElo "1946"]
[EventDate "2020.07.19"]

1.e4 d6 2.d4 Nf6 3.Nc3 Nbd7 4.f4 e5 5.Nf3 exd4 6.Qxd4 c6 7.Bc4 Qb6 8.Qxb6 
Nxb6 9.Bb3 Be6 10.Bxe6 fxe6 11.Bd2 Nc4 12.b3 Nxd2 13.Kxd2 d5 14.Ke2 dxe4 
15.Ng5 Nd5 16.Ncxe4 Nxf4+ 17.Kf3 e5 18.g3 Nd5 19.Rhf1 h6 20.Ne6 Kf7 21.
N6c5 Bxc5 22.Nxc5 b6 23.Nd3 Rhf8 24.Rfe1 Ke6+ 25.Kg2 Rf5 26.g4 Rg5 27.Kg3 
h5 28.h3 hxg4 29.Kh4 Kf6 30.hxg4 Re8 31.Nf2 Rh8+ 32.Kg3 Ke6 33.Nh3 Rg6 34.
c4 Rxh3+ 35.Kxh3 Nf4+ 36.Kg3 Nh5+ 37.Kh4 Nf6 38.g5 Nh7 39.Rg1 Kf5 40.Raf1+
Ke4 41.Rg4+ Kd3 42.Re1 Re6 43.Rge4 Nf8 44.Kg4 Nd7 45.Kf3 Re8 46.Rd1+ Kc2 
47.Rxd7 1-0

[Event "2020 WA Closed Championship"]
[Site "Leeming, Perth WA"]
[Date "2020.07.26"]
[Round "2"]
[White "Kinsman, Craig"]
[Black "Ellis, David"]
[Result "1-0"]
[WhiteElo "2017"]
[BlackElo "2035"]
[EventDate "2020.07.19"]

1.e4 Nc6 2.d4 d5 3.Nc3 dxe4 4.d5 Ne5 5.Qd4 Ng6 6.Qxe4 a6 7.Nf3 Nf6 8.Qd4 
e6 9.Bc4 exd5 10.Nxd5 Be7 11.Nxe7 Qxe7+ 12.Qe3 Qxe3+ 13.Bxe3 O-O 14.O-O-O 
Bg4 15.Rd4 Bxf3 16.gxf3 Ne5 17.Be2 Nc6 18.Rh4 Rfe8 19.Bd3 Ne5 20.Be4 Nxe4 
21.fxe4 Ng6 22.Rg4 Ne5 23.Rg3 Rad8 24.Rhg1 g6 25.b3 Nc6 26.f3 Nd4 27.Re1 
Nc6 28.Bd2 Re6 29.Bc3 Rde8 30.Rgg1 Ne5 31.Rgf1 Nd7 32.Rd1 Nf8 33.Rd3 g5 
34.Rg1 Rg6 35.Bd2 h6 36.Be3 f6 37.Kd2 Kf7 38.a4 b6 39.Ke2 Ne6 40.a5 b5 41.
Rc3 Rgg8 42.Rc6 Ra8 43.Rd1 Rge8 44.Rd5 Re7 45.Rf5 Kg6 46.Kf2 Ng7 1-0

[Event "2020 WA Closed Championship"]
[Site "Leeming, Perth WA"]
[Date "2020.08.02"]
[Round "2"]
[White "Ferozkohi, Ihsan"]
[Black "Andador, Dominador"]
[Result "1-0"]
[WhiteElo "2370"]
[BlackElo "2086"]
[EventDate "2020.07.19"]

1.Nf3 d6 2.g3 e5 3.d4 e4 4.Nfd2 f5 5.c4 Nf6 6.Bg2 Nbd7 7.O-O Be7 8.f3 exf3
9.Nxf3 O-O 10.Nc3 Re8 11.c5 dxc5 12.Qb3+ Kh8 13.Ng5 c4 14.Nf7+ Kg8 15.Qxc4
1-0

[Event "2020 WA Closed Championship"]
[Site "Leeming, Perth WA"]
[Date "2020.07.21"]
[Round "3"]
[White "O'Mahoney, Keegan"]
[Black "Ferozkohi, Ihsan"]
[Result "0-1"]
[WhiteElo "1946"]
[BlackElo "2370"]
[EventDate "2020.07.19"]

1.d4 Nf6 2.Nc3 d5 3.Bf4 e6 4.e3 Bb4 5.Bd3 c5 6.dxc5 Nc6 7.Bd6 b6 8.Bb5 Bd7
9.Bxc6 Bxc6 10.Qd4 bxc5 11.Bxc5 Bxc5 12.Qxc5 Rc8 13.Qd4 Qe7 14.Nf3 O-O 15.
O-O Rb8 16.Ne5 Ba8 17.b3 Rfc8 18.Rac1 Rb4 19.Qd3 Qc7 20.Nxf7 Kxf7 21.Nb5 
Qc5 22.c4 Rxb5 23.cxb5 Qxc1 24.g4 Qc3 25.Qe2 d4 26.Rd1 d3 27.Rxd3 Qxd3 0-1

[Event "2020 WA Closed Championship"]
[Site "Leeming, Perth WA"]
[Date "2020.07.26"]
[Round "3"]
[White "Andador, Dominador"]
[Black "Hare, Tim"]
[Result "1/2-1/2"]
[WhiteElo "2086"]
[BlackElo "2160"]
[EventDate "2020.07.19"]

1.e4 d6 2.d4 Nf6 3.Nc3 Nbd7 4.Be2 e5 5.d5 Be7 6.Be3 c6 7.f3 Qc7 8.Qd2 a6 
9.a4 h6 10.a5 cxd5 11.exd5 b5 12.Na2 Bb7 13.Nb4 Rc8 14.Nh3 Nc5 15.O-O g5 
16.Ra3 Nh5 17.c4 bxc4 18.Rc1 Nf4 19.Bxc4 Nxh3+ 20.gxh3 Qd7 21.Bf1 h5 22.
Rac3 g4 23.f4 exf4 24.Bxf4 gxh3 25.Bxh3 Rg8+ 26.Kh1 f5 27.Re1 Rg4 28.Bg2 
Kf7 29.Bf3 Bf6 30.Rc2 Re8 31.Rxe8 Qxe8 32.Bxg4 hxg4 33.Qe3 Qb5 34.Qe1 Kg6 
35.h3 Nd3 36.Nxd3 Bxd5+ 37.Kh2 Qxd3 38.Qe8+ Bf7 39.Qc6 Qxh3+ 40.Kg1 Bd4+ 
41.Rf2 Bxf2+ 42.Kxf2 Qh4+ 43.Bg3 Qf6 44.Qxd6 Qxd6 45.Bxd6 Kf6 46.Ke3 Ke6 
47.Bg3 Kd5 48.Kf4 Be6 49.Be1 Kc4 50.Bc3 Kd3 51.Be5 Ke2 52.Bd4 Bb3 53.Bc5 
Bc2 54.Kg3 1/2-1/2

[Event "2020 WA Closed Championship"]
[Site ""]
[Date "2020.08.02"]
[Round "3"]
[White "Ellis, David"]
[Black "Hardegen, Kathryn"]
[Result "0-1"]
[WhiteElo "2035"]
[BlackElo "2121"]
[EventDate "2020.07.19"]
[FlipB "1"]

1.f4 d5 2.Nf3 Nf6 3.g3 c5 4.Bg2 Nc6 5.O-O g6 6.d3 Bg7 7.Nc3 d4 8.Na4 Qd6 
9.c4 O-O 10.a3 Rb8 11.Rb1 b6 12.Bd2 a5 13.Ne5 Bb7 14.Nxb6 Nxe5 15.fxe5 
Qxb6 16.exf6 Bxf6 17.Bxb7 Rxb7 18.b4 axb4 19.axb4 cxb4 20.Rxb4 Qc6 21.Rxb7
Qxb7 22.Qb1 Qd7 23.Qb2 h5 24.Rb1 Qg4 25.Be1 h4 26.Qb7 Qxe2 27.Qe4 Qc2 28.
Rb5 hxg3 29.Bxg3 Qd1+ 30.Kf2 Kg7 31.Rb8 Rxb8 32.Bxb8 Qc2+ 33.Kg3 Qd1 34.
Be5 Qg1+ 35.Kh3 Qe3+ 36.Qxe3 dxe3 37.Bg3 Bc3 38.c5 Kf8 39.c6 Ke8 0-1

[Event "2020 WA Closed Championship"]
[Site "Leeming, Perth WA"]
[Date "2020.08.11"]
[Round "3"]
[White "Gong, Patrick"]
[Black "Kinsman, Craig"]
[Result "1-0"]
[WhiteElo "2399"]
[BlackElo "2017"]
[EventDate "2020.07.19"]

1.e4 c5 2.c3 Nf6 3.e5 Nd5 4.d4 cxd4 5.Nf3 Nc6 6.cxd4 d6 7.Bc4 Nb6 8.Bb3 
dxe5 9.d5 Na5 10.Nc3 f6 11.O-O g6 12.Be3 Bd7 13.Nd2 Bg7 14.f4 f5 15.fxe5 
Bxe5 16.Nf3 Nbc4 17.Bd4 Bxd4+ 18.Qxd4 Qb6 19.Rfe1 Qxd4+ 20.Nxd4 Nxb3 21.
axb3 Nd6 22.Re2 Kd8 23.b4 Re8 24.g3 Rf8 25.b5 g5 26.b6 a6 27.Rae1 Rf7 28.
Ne6+ Bxe6 29.dxe6 Rg7 30.Rd1 Rc8 31.Re5 Ke8 32.Nd5 Rc6 33.Rxf5 Rxb6 34.
Nc7+ Kd8 35.Na8 Ke8 36.Rf7 Nxf7 37.exf7+ Rxf7 38.Nxb6 Rf3 39.Nd5 e6 40.
Nc7+ Kf7 41.Rd7+ 1-0

[Event "2020 WA Closed Championship"]
[Site "Leeming, Perth WA"]
[Date "2020.08.09"]
[Round "4"]
[White "Hardegen, Kathryn"]
[Black "Gong, Patrick"]
[Result "0-1"]
[WhiteElo "2121"]
[BlackElo "2399"]
[EventDate "2020.07.19"]

1.d4 Nf6 2.c4 e6 3.Nc3 Bb4 4.Nf3 c5 5.Bd2 cxd4 6.Nxd4 Nc6 7.e3 O-O 8.Be2 
b6 9.O-O Bb7 10.Bf3 Qb8 11.Ncb5 Be7 12.Nxc6 dxc6 13.Nd4 Rc8 14.Bc3 c5 15.
Bxb7 Qxb7 16.Nf3 Rd8 17.Qe2 Ne4 18.Rac1 f6 19.Nd2 Nxc3 20.Rxc3 f5 21.e4 
Bf6 22.e5 Be7 23.Rd1 Qd7 24.Rcc1 Qa4 25.a3 Rd7 26.Nf1 Rad8 27.Rxd7 Qxd7 
28.f4 Qd4+ 29.Qf2 g5 30.g3 gxf4 31.gxf4 Bh4 32.Qe3 Qxe3+ 33.Nxe3 Rd2 34.
Ng2 Bf2+ 35.Kf1 Bd4 0-1

[Event "2020 WA Closed Championship"]
[Site "Leeming, Perth WA"]
[Date "2020.08.09"]
[Round "4"]
[White "Kinsman, Craig"]
[Black "Andador, Dominador"]
[Result "1-0"]
[WhiteElo "2017"]
[BlackElo "2086"]
[EventDate "2020.07.19"]

1.e4 d6 2.d4 g6 3.Nc3 Bg7 4.Be3 Nf6 5.Qd2 c6 6.f3 h5 7.h4 Qc7 8.O-O-O Nbd7
9.Nge2 Nb6 10.Nf4! += Bd7 11.Kb1 O-O-O 12.Be2 e5 13.Nh3 Be6?! 14.Ng5?! Bc4
15.Bxc4?! Nxc4 16.Qe2 Nxe3 17.Qxe3 exd4 18.Qxd4 Kb8 19.Qc4 Rd7 20.Rd3 Re8 
21.Rhd1 Re5 22.Qb3 Ne8 23.f4 Ree7 24.g3 Qb6 25.Qxb6 axb6 26.e5 d5 27.Nxf7 
Rxf7 28.e6 Rde7 29.exf7 Nd6 30.R3d2 Rxf7 31.Rd3 Re7 32.Kc1 b5 33.Nxd5 cxd5
34.Rxd5 Nf5 35.R1d3 Re1+ 36.Kd2 Rg1 37.Rxb5 Nxg3 38.Rd7 Bh6 39.Rbxb7+ Kc8 
40.Rdc7+ Kd8 41.Rh7 Bxf4+ 42.Kd3 Rd1+ 43.Kc4 Kc8 44.Rbf7 Nf5 45.Ra7 Kb8 
46.Rhb7+ Kc8 47.Rh7 Nd6+ 48.Kb3 Kb8 49.Rag7 Rd5 50.Rg8+ Nc8 51.Rhh8 Rc5 
52.Rxg6 Rb5+ 53.Ka3 Be5 54.Re8 Bxb2+ 55.Ka4 Rb7 56.Rg5 Bc3 57.Rxh5 Rc7 58.
Rb5+ Ka7 59.h5 Nb6+ 60.Kb3 Bg7 61.Re6 Rc3+ 62.Kb4 Rc4+ 63.Ka3 Rc3+ 64.Rb3 
Bf8+ 65.Kb2 Na4+ 66.Kc1 Rc4 67.Rf6 Bc5 68.h6 Rh4 69.Rf7+ Ka6 70.h7 Nb6 71.
Rg3 Nc4 72.Kd1 Ne3+ 73.Ke2 Rh2+ 74.Kd3 Nxc2 75.Rg8 Bd4 76.a3 Bb2 77.a4 Ka5
78.Kc4 Ne3+ 79.Kb3 Ba1 80.Ra8+ Kb6 81.a5+ Kc6 82.Raa7 Rb2+ 83.Kc3 Nd5+ 84.
Kd3 Rh2 85.Rab7 Rh3+ 86.Ke2 Be5 87.a6 Re3+ 88.Kd2 Bc3+ 89.Kc2 Re2+ 90.Kb3 
Bd4 91.a7 Re3+ 92.Kc2 Rc3+ 93.Kd2 Ra3 94.Rb8 Nb6 95.h8=Q {1-0 time} 1-0

[Event "2020 WA Closed Championship"]
[Site "Leeming, Perth WA"]
[Date "2020.08.04"]
[Round "4"]
[White "O'Mahoney, Keegan"]
[Black "Ellis, David"]
[Result "0-1"]
[WhiteElo "1946"]
[BlackElo "2035"]
[EventDate "2020.07.19"]

1.d4 e6 2.Nc3 b6 3.Bf4 Bb7 4.e3 Nf6 5.Nf3 Bb4 6.Be2 Nd5 7.Qd2 Bxc3 8.bxc3 
Nxf4 9.exf4 d6 10.O-O Nd7 11.Rfe1 O-O 12.Rad1 Nf6 13.Ng5 h6 14.Bd3 hxg5 
15.fxg5 Nd7 16.Qf4 Re8 17.Qh4 f5 18.Re3 Nf8 19.Rde1 Qd7 20.Rh3 Qc6 21.Bf1 
Kf7 22.g6+ Nxg6 23.Qg5 Rh8 24.Rxe6 Rxh3 25.Qxg6+ Kg8 26.d5 Qxc3 27.gxh3 
Rf8 28.Re8 Bxd5 29.Rxf8+ Kxf8 30.Qxf5+ Bf7 31.Bd3 Qe5 32.Qc8+ Be8 33.Qxc7 
Qa1+ 34.Kg2 Qe5 35.Qd8 Kf7 36.Bc4+ Kf8 37.Bd3 Kf7 38.Qc7+ Kf8 39.Qc8 Qd5+ 
40.Kg3 Qxa2 41.Qf5+ Qf7 42.Qe4 Qf6 43.Qa8 Qg5+ 44.Kf3 Qh5+ 45.Kg2 Qg5+ 46.
Kf1 Qc1+ 47.Ke2 Qg5 48.Qf3+ Ke7 49.Qb7+ Kf6 50.Qf3+ Ke7 51.Qb7+ Kf8 52.
Qf3+ Qf6 53.Qa8 Qe5+ 54.Be4 Qh5+ 55.Ke1 Qxh3 56.Bc6 Qc3+ 57.Kd1 Qxc6 58.
Qxa7 Qd5+ 59.Kc1 Qg5+ 60.Kb2 Qe5+ 61.Kc1 Qe1+ 62.Kb2 Qxf2 63.Qb8 Qd4+ 64.
Kc1 Qc5 65.Qd8 b5 66.Qh4 Kg8 67.Qe4 Qg5+ 68.Kb1 Qe5 69.Qa8 Kh7 70.Qd8 Bg6 
71.Qh4+ Qh5 72.Qf2 b4 73.Kb2 Qe5+ 74.Kc1 Qa1+ 75.Kd2 Qc3+ 76.Kd1 Qxc2+ 0-1

[Event "2020 WA Closed Championship"]
[Site "Leeming, Perth WA"]
[Date "2020.08.20"]
[Round "4"]
[White "Ferozkohi, Ihsan"]
[Black "Hare, Tim"]
[Result "1/2-1/2"]
[WhiteElo "2370"]
[BlackElo "2160"]
[EventDate "2020.07.19"]

1.Nf3 d6 2.d4 g6 3.g3 Bg7 4.Bg2 f5 5.O-O Nf6 6.c4 O-O 7.Nc3 c6 8.Bg5 h6 9.
Bxf6 Bxf6 10.e4 e5 11.exf5 gxf5 12.dxe5 dxe5 13.Qc2 Na6 14.Rad1 Qe7 15.
Rfe1 e4 16.Nd4 Qg7 17.Nde2 Nb4 18.Qb1 Nd3 19.Rf1 Be6 20.Bh3 Rae8 21.Qc2 
Kh8 22.b3 Nb4 23.Qd2 Rd8 24.Qc1 Nd3 25.Qc2 Nb4 26.Qc1 Nd3 27.Qc2 1/2-1/2

[Event "2020 WA Closed Championship"]
[Site "Leeming, Perth WA"]
[Date "2020.08.12"]
[Round "5"]
[White "Ferozkohi, Ihsan"]
[Black "Ellis, David"]
[Result "1-0"]
[WhiteElo "2370"]
[BlackElo "2035"]
[EventDate "2020.07.19"]

1.Nf3 b6 2.g3 Bb7 3.Bg2 Nf6 4.b3 g6 5.Bb2 Bg7 6.O-O O-O 7.d4 c5 8.dxc5 
bxc5 9.c4 d6 10.Nbd2 Qc7 11.Re1 Nc6 12.e4 e5 13.Qc2 a5 14.Rad1 a4 15.bxa4 
Nd4 16.Nxd4 exd4 17.Nb3 Bc6 18.e5 dxe5 19.Bxc6 Qxc6 20.Rxe5 Nd7 21.Rd5 
Rfe8 22.Ba3 Re5 23.Bxc5 Rae8 24.Nxd4 Qc8 25.Nb3 Re1+ 26.Rxe1 Rxe1+ 27.Kg2 
Nf6 28.Rd1 Re5 29.Bd4 Rh5 30.f3 Qc6 31.Bxf6 Bxf6 32.Nd2 Qe6 33.Ne4 Be5 34.
h4 f5 35.Ng5 Qf6 36.Qd2 h6 37.Qd5+ 1-0

[Event "2020 WA Closed Championship"]
[Site "Leeming, Perth WA"]
[Date "2020.08.16"]
[Round "5"]
[White "Gong, Patrick"]
[Black "O'Mahoney, Keegan"]
[Result "1-0"]
[WhiteElo "2399"]
[BlackElo "1946"]
[EventDate "2020.07.19"]

1.c4 f5 2.g3 Nf6 3.Bg2 d6 4.Nc3 e5 5.e3 Be7 6.Nge2 O-O 7.d4 e4 8.O-O c6 9.
f3 d5 10.cxd5 cxd5 11.Qb3 Qb6 12.Nf4 Rd8 13.Bd2 g5 14.Nfxd5 Nxd5 15.Nxd5 
Rxd5 16.Qxd5+ Be6 17.Qa5 Qxa5 18.Bxa5 Nc6 19.Bc3 Bc4 20.fxe4 fxe4 21.Bxe4 
Bxf1 22.Rxf1 Re8 23.Bd5+ Kh8 24.Bf7 1-0

[Event "2020 WA Closed Championship"]
[Site "Leeming, Perth WA"]
[Date "2020.08.16"]
[Round "5"]
[White "Andador, Dominador"]
[Black "Hardegen, Kathryn"]
[Result "1/2-1/2"]
[WhiteElo "2086"]
[BlackElo "2121"]
[EventDate "2020.07.19"]
[FlipB "1"]

1.e4 e5 2.Nf3 d6 3.Bc4 Be7 4.Nc3 Nf6 5.h3 Nc6 6.d3 Na5 7.Bb5+ c6 8.Ba4 b5 
9.Bb3 O-O 10.Ne2 Qc7 11.Bd2 Nxb3 12.axb3 d5 13.Ng3 h6 14.Qe2 Re8 15.O-O d4
16.Nh2 Bd6 17.Ng4 Nxg4 18.hxg4 Qe7 19.Nf5 Bxf5 20.gxf5 Qh4 21.f3 Kh7 22.
Ra6 Rec8 23.Be1 Qe7 24.g4 Qb7 25.Ra1 c5 26.Qh2 Qe7 27.Bh4 f6 28.Ra5 Rab8 
29.Rfa1 Rb7 30.Bf2 c4 31.Ra6 cxd3 32.cxd3 Rc2 33.Qh5 Kg8 34.Qg6 Rbc7 35.f4
exf4 36.Bxd4 Bc5 37.Re6 Bxd4+ 38.Kh1 f3 39.Rxe7 Rxe7 40.Rf1 f2 41.Qh5 Bxb2
42.Kg2 Bd4 43.Qh2 Re5 44.Qg3 Rc3 45.b4 Kh7 46.g5 fxg5 47.Rxf2 Re8 48.Qd6 
Bf6 49.Re2 Rd8 50.Qe6 Rdxd3 51.e5 1/2-1/2

[Event "2020 WA Closed Championship"]
[Site "Leeming, Perth WA"]
[Date "2020.08.16"]
[Round "5"]
[White "Hare, Tim"]
[Black "Kinsman, Craig"]
[Result "1/2-1/2"]
[WhiteElo "2160"]
[BlackElo "2017"]
[EventDate "2020.07.19"]

1.Nf3 Nf6 2.g3 d5 3.Bg2 e6 4.d3 Nbd7 5.O-O Bd6 6.Nbd2 e5 7.e4 dxe4 8.dxe4 
O-O 9.Qe2 Re8 10.Nc4 Nc5 11.Nxd6 Qxd6 12.Rd1 Qc6 13.Nd2 Be6 14.b3 Rad8 15.
Bb2 Nfd7 16.Nc4 f6 17.Rd2 Nb6 18.Nxb6 Qxb6 19.Rad1 c6 20.Ba3 Rxd2 21.Rxd2 
Qa5 22.Bxc5 Qxc5 23.Qd3 Qa5 24.c4 Kf7 25.f4 Qc7 26.f5 Bc8 27.c5 Ke7 28.Bf1
Rd8 29.Qxd8+ Qxd8 30.Rxd8 Kxd8 31.Bc4 b6 32.b4 bxc5 33.bxc5 Bd7 34.Kf2 Ke7
35.Ke3 Be8 36.g4 Bf7 37.Bb3 Bxb3 38.axb3 Kd7 39.h4 h6 40.Kd3 Kc7 41.Kc4 
Kb7 42.Kb4 a6 1/2-1/2

[Event "2020 WA Closed Championship"]
[Site "Leeming, Perth WA"]
[Date "2020.08.23"]
[Round "6"]
[White "Ellis, David"]
[Black "Gong, Patrick"]
[Result "0-1"]
[WhiteElo "2035"]
[BlackElo "2399"]
[EventDate "2020.07.19"]

1.Nf3 g6 2.g3 b6 3.d3 Bg7 4.e4 c5 5.Bg2 Nc6 6.O-O e6 7.Nbd2 d6 8.Re1 e5 9.
Nf1 Nge7 10.Ne3 O-O 11.h4 Rb8 12.Nh2 Be6 13.h5 d5 14.exd5 Nxd5 15.Nxd5 
Bxd5 16.Bxd5 Qxd5 17.Qf3 Rbd8 18.Qxd5 Rxd5 19.hxg6 hxg6 20.Be3 f5 21.Rad1 
Rfd8 22.Bg5 R8d7 23.Nf1 Nd4 24.Ne3 Nf3+ 25.Kh1 Rd4 26.c3 Rxd3 0-1

[Event "2020 WA Closed Championship"]
[Site "Leeming, Perth WA"]
[Date "2020.08.23"]
[Round "6"]
[White "Hardegen, Kathryn"]
[Black "Hare, Tim"]
[Result "1-0"]
[WhiteElo "2121"]
[BlackElo "2160"]
[EventDate "2020.07.19"]

1.e4 d6 2.d4 g6 3.Nc3 Bg7 4.f4 a6 5.Nf3 b5 6.a3 e6 7.Be2 Ne7 8.O-O O-O 9.
Be3 Nd7 10.Kh1 Bb7 11.Qe1 Rc8 12.Rd1 c5 13.dxc5 Nxc5 14.Bd3 Bxc3 15.bxc3 
Nxe4 16.Bd4 f5 17.Bxe4 fxe4 18.Ng5 Qd7 19.Rd2 d5 20.Be5 Nf5 21.Nxe4 Qe7 
22.Ng5 h6 23.Nf3 Qxa3 24.Nh4 Kh7 25.Nxf5 Rxf5 26.Bd4 Qd6 27.Re2 Re8 28.Re5
Bc6 29.Kg1 Bd7 30.Qe3 a5 31.Re1 a4 32.Qf2 Qc6 33.Qh4 Rf7 34.R5e3 Qd6 35.
Be5 Qe7 36.Qxh6+ 1-0

[Event "2020 WA Closed Championship"]
[Site "Leeming, Perth WA"]
[Date "2020.08.23"]
[Round "6"]
[White "O'Mahoney, Keegan"]
[Black "Andador, Dominador"]
[Result "0-1"]
[WhiteElo "1946"]
[BlackElo "2086"]
[EventDate "2020.07.19"]

1.d4 Nf6 2.Nc3 d5 3.Bf4 c6 4.e3 Bf5 5.f3 h6 6.g4 Bh7 7.Bd3 g5 8.Be5 Bxd3 
9.Qxd3 h5 10.Qf5 Nbd7 11.Nh3 e6 12.Qd3 Nxe5 13.dxe5 Nd7 14.f4 gxf4 15.exf4
Qh4+ 16.Qg3 hxg4 17.Nf2 Bc5 18.Ke2 Bxf2 19.Qxf2 Qxf2+ 20.Kxf2 Ke7 21.Rag1 
f5 22.h3 Rag8 23.hxg4 Rxh1 24.Rxh1 Rxg4 25.Rh7+ Ke8 26.Kf3 b6 27.Ne2 c5 
28.Nc3 a6 29.Rh8+ Ke7 30.Ra8 d4 31.Ne4 Nxe5+ 32.fxe5 Rxe4 33.Rxa6 Rxe5 34.
Rxb6 Re3+ 35.Kf2 Rh3 36.Ke2 c4 37.a4 Rh2+ 38.Kd1 f4 39.a5 f3 40.Rb7+ Kf6 
41.Rb8 Ke5 42.Rf8 Ke4 43.Rf6 e5 44.Rg6 Rh1+ 45.Kd2 Ra1 46.a6 f2 47.Rf6 
f1=Q 48.Rxf1 Rxf1 49.a7 Ra1 0-1

[Event "2020 WA Closed Championship"]
[Site "Perth, WA"]
[Date "2020.08.26"]
[Round "6"]
[White "Ferozkohi, Ihsan"]
[Black "Kinsman, Craig"]
[Result "1-0"]
[WhiteElo "2370"]
[BlackElo "2017"]
[EventDate "2020.07.19"]

1.d4 Nf6 2.Nf3 e6 3.c4 c5 4.e3 cxd4 5.exd4 d5 6.Bd3 Nc6 7.O-O dxc4 8.Bxc4 
Bd6 9.Nc3 O-O 10.Bg5 h6 11.Bh4 g5 12.Bg3 Bxg3 13.hxg3 g4 14.Nh2 Qxd4 15.
Qe2 e5 16.Rad1 Qb6 17.Rd6 Kg7 18.Rxf6 Kxf6 19.Nd5+ 1-0

[Event "2020 WA Closed Championship"]
[Site "Leeming, Perth WA"]
[Date "2020.08.30"]
[Round "7"]
[White "Hare, Tim"]
[Black "O'Mahoney, Keegan"]
[Result "1-0"]
[WhiteElo "2160"]
[BlackElo "1946"]
[EventDate "2020.07.19"]

1.Nf3 f5 2.g3 Nf6 3.Bg2 d6 4.d3 e5 5.c4 Be7 6.O-O O-O 7.Nc3 Kh8 8.a3 Qe8 
9.Nd5 Nxd5 10.cxd5 Nd7 11.Qc2 Bd8 12.b4 Qh5 13.a4 Nf6 14.Qc4 e4 15.Nd4 f4 
16.dxe4 Bh3 17.f3 Nd7 18.Ne6 fxg3 19.hxg3 Ne5 20.Qb3 Rf6 21.Nf4 Rxf4 22.
Bxf4 Ng6 23.e3 Bf6 24.Rad1 Ne7 25.Qc2 g5 26.g4 Qh4 27.Bh2 Ng6 28.Bxh3 Qxh3
29.Qg2 Qh6 30.Bg3 Qg7 31.Rc1 Rf8 32.Rc2 Rf7 33.Qh3 Bc3 34.Qh5 Ne5 35.Bxe5 
Bxe5 36.Kg2 Qg8 37.Rfc1 Qg7 38.Rxc7 Rxc7 39.Qe8+ Qg8 40.Qxg8+ Kxg8 41.Rxc7
1-0

[Event "2020 WA Closed Championship"]
[Site "Leeming, Perth WA"]
[Date "2020.08.30"]
[Round "7"]
[White "Kinsman, Craig"]
[Black "Hardegen, Kathryn"]
[Result "1/2-1/2"]
[WhiteElo "2017"]
[BlackElo "2121"]
[EventDate "2020.07.19"]
[FlipB "1"]

1.e4 e5 2.Nf3 Nf6 3.Nxe5 d6 4.Nf3 Nxe4 5.c4 Be7 6.d4 O-O 7.Bd3 d5 8.cxd5 
Qxd5 9.O-O Nc6 10.Re1 Nf6 11.Nc3 Qd8 12.h3 Be6 13.Bg5 Kh8 14.Bc2 Nb4 15.
Bb3 Bxb3 16.Qxb3 a5 17.a3 a4 18.Nxa4 Nbd5 19.Nc3 Nxc3 20.bxc3 Rb8 21.Ne5 
Kg8 22.a4 h6 23.Bh4 Nd5 24.Bxe7 Nxe7 25.Rab1 Nd5 26.Qc2 Qd6 27.c4 Nf6 28.
d5 Rfe8 29.Nf3 b6 30.Nd4 Ra8 31.Rxe8+ Rxe8 32.Nf3 Qc5 33.Re1 Rxe1+ 34.Nxe1
Qb4 35.Nd3 Qa3 36.g3 Qa1+ 37.Kg2 Qd4 38.Nf4 Qc5 39.Qf5 Qxc4 40.Qc8+ Kh7 
41.Qf5+ Kg8 1/2-1/2

[Event "2020 WA Closed Championship"]
[Site "Leeming, Perth WA"]
[Date "2020.08.30"]
[Round "7"]
[White "Andador, Dominador"]
[Black "Ellis, David"]
[Result "1/2-1/2"]
[WhiteElo "2086"]
[BlackElo "2035"]
[EventDate "2020.07.19"]

1.d4 e6 2.Bf4 b6 3.e4 Bb7 4.Bd3 Nf6 5.f3 d5 6.e5 Nfd7 7.Nd2 c5 8.c3 Nc6 9.
Ne2 cxd4 10.cxd4 Nb4 11.Bb1 Ba6 12.Nb3 f6 13.exf6 Qxf6 14.Bd2 Nd3+ 15.Bxd3
Bxd3 16.Nf4 Bc4 17.Ne2 Bd6 18.Bc3 O-O 19.Kf2 Qh4+ 20.g3 Rxf3+ 21.Kxf3 Qe4+
22.Kf2 Bxe2 23.Qxe2 Rf8+ 24.Ke1 Qxh1+ 25.Kd2 Qe4 26.Qxe4 dxe4 27.Ke3 Rf3+ 
28.Kxe4 Rf2 29.d5 e5 30.h3 Rh2 31.Kf5 Kf7 32.Rf1 Ke7 33.h4 Rg2 34.Rf3 Nf6 
35.Bxe5 g6+ 36.Kf4 Nxd5+ 37.Ke4 Re2+ 38.Kxd5 Bxe5 39.Nc1 1/2-1/2

[Event "2020 WA Closed Championship"]
[Site "Leeming, Perth WA"]
[Date "2020.09.08"]
[Round "7"]
[White "Gong, Patrick"]
[Black "Ferozkohi, Ihsan"]
[Result "1/2-1/2"]
[WhiteElo "2399"]
[BlackElo "2370"]
[EventDate "2020.07.19"]

1.g3 d5 2.Bg2 g6 3.d3 Bg7 4.Nf3 Nf6 5.c4 c6 6.Na3 O-O 7.O-O Bg4 8.Qb3 Qc8 
9.Bg5 dxc4 10.Nxc4 Nbd7 11.Rac1 Nc5 12.Qa3 Ne6 13.Bxf6 exf6 14.e3 Rd8 15.
Ncd2 Ng5 16.Nxg5 fxg5 17.d4 Bh3 18.Qe7 Bxg2 19.Kxg2 h6 20.Ne4 Re8 21.Nf6+ 
Bxf6 22.Qxf6 Re6 23.Qf3 Qd7 24.Rc5 Kg7 25.Rfc1 Rf6 26.Qd1 Re8 27.Re5 Rfe6 
28.Rxe6 Rxe6 29.Qf3 g4 30.Qxg4 Qd5+ 31.Qf3 Qxa2 32.Rc2 Qb3 33.Qe2 Qd5+ 34.
Qf3 Qd7 35.Rc5 Qe7 36.h4 Rf6 37.Qg4 b6 38.Re5 Qb4 39.Qe2 Re6 40.Rxe6 fxe6 
41.h5 gxh5 42.Qxh5 Qd6 43.Qg4+ Kf6 44.Qh4+ Kg7 45.Qg4+ Kf6 1/2-1/2